000 00400nam a22001577a 4500
020 _a978-81-8266-607-8
082 _a920
_bMAN/M
100 _aMANJULAMAALA, M V
245 _aM S SUBBULAKSHMI
246 _aM S SUBBULAKSHMI
_bM S SUBBULAKSHMI
250 _aFIRST EDITION
260 _aKOZHIKODE
_bMATHRUBHUMI BOOKS
_c2016
300 _a110
650 _aMALAYALAM AUTOBIOGRAPHY
_zKERALA
942 _cBK
999 _c6967
_d6967